| 000 | 00447nam a2200193Ia 4500 | ||
|---|---|---|---|
| 008 | 101110s9999 xx 000 0 und d | ||
| 041 | _aENGLISH | ||
| 082 |
_bSR11655 _a332.1 |
||
| 100 | _aGhonasgi and Desai | ||
| 245 | _aRural Banking Vol.I | ||
| 365 | _b22 | ||
| 520 | _aCommerce | ||
| 546 | _aENGLISH | ||
| 630 | _aRural Banking Vol.I | ||
| 650 | _aCommerce | ||
| 655 | _aCommerce | ||
| 730 | _aRural Banking Vol.I | ||
| 942 | _cBOOK | ||
| 999 |
_c806347 _d806344 |
||